Tribunal de contas : (Record no. 978)
[ view plain ]
| 000 -LÍDER | |
|---|---|
| Campo Fixo de Controle | 01092nam a2200253 a 4500 |
| 001 - NÚMERO DE CONTROLE | |
| Campo de Controle | 978 |
| 003 - IDENTIFICAÇÃO DO NÚMERO DE CONTROLE | |
| Campo de Controle | BR-CuiBMT |
| 005 - DATA E HORA DA ÚLTIMA ATUALIZAÇÃO | |
| Campo de Controle | 20231217152321.0 |
| 008 - DADOS FIXOS | |
| Dados Fixos | 230725s2008 mgba 100 0 por d |
| 020 ## - INTERNATIONAL STANDARD BOOK NUMBER | |
| Nº do ISBN | 9788577001842 |
| 040 ## - AGÊNCIA CATALOGADORA | |
| Código da Agência Catalogadora | BR-CuiBMT |
| Agência que transcreveu o registro | BR-CuiBMT |
| 080 ## - Nº DA CLASSIFICAÇÃO DECIMAL UNIVERSAL | |
| Nº Class. CDU | 351.94:336.148 |
| Subd. Auxiliar Comum | (062) |
| Nº edição CDU | 2007 |
| 090 ## - NÚMERO DE CHAMADA | |
| Nº classificação | 351.94:336.148(062) |
| Cutter | C749t |
| 111 2# - ENTRADA PRINCIPAL -- EVENTO | |
| Nome do evento ou lugar | Congresso Nacional dos Membros dos Tribunais de Contas do Brasil |
| Número da parte/seção do evento | (24. : |
| Data da realização do evento | 2008 : |
| Local de realização do evento | Natal, RN) |
| 245 10 - TÍTULO PRINCIPAL | |
| Título principal | Tribunal de contas : |
| Indicação de responsabilidade | defesa do interesse público e combate à corrupção ; anais do xxiv Congresso Nacional dos Membros dos Tribunais de contas do Brasil : comemoração dos 50 anos do Tribunal de Contas do Rio Grande do Norte / |
| Subtítulo | Rita Chió Serra. |
| 246 32 - FORMAS VARIANTES DO TÍTULO | |
| Título principal | Vigésimo quarto Congresso nacional do membros dos tribunais de contas do Brasil |
| 260 ## - PUBLICAÇÃO, DISTRIBUIÇÃO, ETC. | |
| Local de publicação | Belo Horizonte : |
| Editora | Fórum, |
| Data | 2008. |
| 300 ## - DESCRIÇÃO FÍSICA | |
| N. páginas ou volumes | 451 p. : |
| Ilustrações | il. ; |
| Dimensões | 24 cm |
| 504 ## - NOTA DE BIBLIOGRAFIA, ETC. | |
| Nota de bibliografia | Inclui bibliografia. |
| 650 ## - ASSUNTO TÓPICO | |
| Cabeçalho tópico ou nome geográfico | Tribunal de contas |
| Subdivisão geral | Congressos |
| Subdivisão geográfica | Natal |
| 650 ## - ASSUNTO TÓPICO | |
| Cabeçalho tópico ou nome geográfico | Controle externo |
| Subdivisão geral | Congressos |
| Subdivisão geográfica | Brasil |
| 700 1# - ENTRADA SECUNDÁRIA -- NOME PESSOAL | |
| Nome pessoal | Serra, Rita Chió |
| 942 ## - ELEMENTOS DE ENTRADA ADICIONAIS (KOHA) | |
| Fonte de classificação ou esquema de arquivamento | Classificação Decimal Universal |
| Tipo de item do Koha | Livros |
| Estado: removido | Estado: perdido | Fonte de classificação ou esquema de arquivamento | Estado: danificado | Indisponível para empréstimo | Localização permanente | Localização atual | Data de aquisição | Total Checkouts | Número de Chamada completo | Código de barras | Date last seen | Número do exemplar | Preço efetivo a partir de | Tipo de item (Koha) |
|---|---|---|---|---|---|---|---|---|---|---|---|---|---|---|
| Classificação Decimal Universal | Biblioteca da Escola Superior de Contas do TCE/MT | Biblioteca da Escola Superior de Contas do TCE/MT | 24/11/2023 | 351.94:336.148(062) C749t | BIBTCEMT23111044 | 24/11/2023 | Ex. 1 | 24/11/2023 | Livros |